| 000 | 01364nam0a2200301 4500 | ||
|---|---|---|---|
| 001 | RU\NLR\bibl\1133794 | ||
| 005 | 20250615071856.0 | ||
| 010 |
_a5-89514-698-8 _9100 |
||
| 021 |
_aRU _b2007-54016 _92867 |
||
| 035 | _a(NLR Aleph) 001120691 | ||
| 090 |
_a1296170 _c1296170 |
||
| 100 | _a20070927d2006 |||y0rusy50 ca | ||
| 101 | 0 | _arus | |
| 102 | _aRU | ||
| 105 | _aa ||||||||| | ||
| 200 | 1 |
_aУчебное пособие по дисциплине "Вяжущие вещества" _fО.А. Мирюк _gМ-во образования и науки Рос. Федерации, Федер. агентство по образованию, Гос. образоват. учреждение высш. проф. образования "Магнитог. гос. техн. ун-т им. Г.И. Носова" |
|
| 210 |
_aМагнитогорск _cМГТУ _d2006 |
||
| 215 |
_a163 с. _cил. _d21 |
||
| 320 | _aБиблиогр.: с. 157-158 (35 назв.) | ||
| 606 | 1 |
_aВяжущие материалы _jУчебные издания для высших учебных заведений _91095637 _3RU\NLR\auth\66111219 |
|
| 686 | _aЛ45я73-1 | ||
| 700 | 1 |
_aМирюк _bО. А. _gОльга Александровна _4070 |
|
| 801 | 0 |
_aRU _bNLR _c20070927 _gRCR |
|
| 801 | 1 |
_aRU _bNLR _c20070927 |
|
| 942 | _cBOOK | ||
| 980 | _aNB | ||
| 980 | _aNBR | ||